LEADER 01367nam a2200313 a 4500 001 000000127555 003 CaOOAMICUS 005 20120208132132.0 008 120208s2011 it a 000 0 ita r 040 $aPUL$bita 082 04$a709.45 245 00$aAntonello da Messina /$cpresentazione di Raffaello Causa. 250 $aEd. speciale per il Corriere della Sera. 260 $aMilano :$bSkira,$cİ2011$aMilano :$bR.C.S. Quotidiani,$cİ2011$aMilano :$bR.C.S. Libri,$cİ2011. 300 $a173 p. :$bill. ;$c21 cm 490 1 $aI classici dell'arte ;$v48 500 $aInclude indici. 600 04$aAntonello da Messina,$d1430?-1479.$0(OLS)http://pul/subject/38471 700 1 $aCausa, Raffaello.$0(OLS)http://pul/name/81385 830 0$aClassici dell'arte ;$v48.$0(OLS)http://pul/title/157612 850 $aPUL 852 $aPUL$W1$xDP2 Cons. Gen., Altre Classi 3$y97$m709. 45 COLL 2.48$j147586$qDDC 21$B146216$CPULBib$Z2$F146216 $H119118 $82 941 1 $a9 996 $6082$a709.45$9(OLS)http://pul/classification/1904 996 $6245$aAntonello da Messina$9(OLS)http://pul/title/161188 996 $6260$aMilano :$bSkira$9(OLS)http://pul/publisher/81335 996 $6260$aMilano :$bR.C.S. Quotidiani$9(OLS)http://pul/publisher/79195 996 $6260$aMilano :$bR.C.S. Libri$9(OLS)http://pul/publisher/74600 LEADER 01131nam a2200289 u 4500 001 000000071849 003 CaOOAMICUS 005 20070226122157.0 008 020606s1986 it u000 u ita u 035 $a10932286 040 $aPUL(R)$bita 100 1 $aMancini, Italo,$d1925-1993.$0(OLS)http://pul/name/5319 245 10$aFilosofia della religione /$cItalo Mancini. 250 $a3. ed. interamente riveduta, ampliata, aggiornata. 260 $aGenova :$bMarietti,$c1986. 300 $axiv, 396 p. ;$c25 cm 490 1 $aCollana i filosofia ;$v19 500 $aContiene indice. 504 $aBibliografia in nota. 650 4$aReligione$xFilosofia.$0(OLS)http://pul/subject/397 830 0$aCollana di filosofia (Marietti) ;$v19.$0(OLS)http://pul/title/8088 850 $aPUL 852 $aPUL$W1$xDP1 Cons. Gen., Altre Classi 1$y22$m780 A 109$j92941$nBK-PRI$b $qStampati$B92941$CPULBib$Z2$F92941 $H $81 941 1 $a8 961 $aINV: 65664 996 $6245$aFilosofia della religione$9(OLS)http://pul/title/21226 996 $6260$aGenova :$bMarietti$9(OLS)http://pul/publisher/48994